[Event "Dewan Astana Karnival op"]
[Site "Dewan Astana"]
[Date "2015.07.31"]
[Round "5"]
[White "Ong, Jia Wei"]
[Black "Mohamad, Sharil Madlan"]
[Result "1-0"]
[WhiteElo "1246"]
[BlackElo "1483"]
[PlyCount "113"]
[EventDate "2015.07.29"]
[EventType "swiss"]
[EventRounds "7"]
[EventCountry "MAS"]
[SourceTitle "EXT 2017"]
[Source "ChessBase"]
[SourceDate "2016.10.25"]
[SourceVersion "1"]
[SourceVersionDate "2016.10.25"]
[SourceQuality "1"]

1. d4 d5 2. Nf3 e6 3. Bf4 Nf6 4. e3 Bd6 5. Bg3 Bxg3 6. hxg3 Qe7 7. c3 Nc6 8. Bd3 Bd7 9. Nbd2 e5 10. dxe5 Nxe5 11. Nxe5 Qxe5 12. Nf3 Qd6 13. Qc2 g6 14. 0-0 0-0-0 15. Rfd1 Bg4 16. Be2 h5 17. c4 Qc5 18. b3 Rhe8 19. Re1 Rd7 20. Rac1 dxc4 21. Qxc4 Qxc4 22. Bxc4 Bxf3 23. gxf3 Ree7 24. e4 Re5 25. a4 a5 26. Bb5 Rde7 27. Bc4 Kd8 28. Rcd1+ Ke8 29. Rd4 Rd7 30. Rxd7 Nxd7 31. f4 Re7 32. e5 Kf8 33. Kg2 f5 34. Re3 Nc5 35. f3 Rd7 36. Kh3 Kg7 37. e6 Re7 38. g4 hxg4+ 39. fxg4 fxg4+ 40. Kxg4 Kf6 41. Re5 Nxe6 42. Rxa5 b6 43. Re5 Nf8 44. Rd5 Nh7 45. Bd3 Rg7 46. b4 Ke6 47. Rb5 Kd6 48. a5 bxa5 49. bxa5 Nf6+ 50. Kg5 c6 51. Kxf6 Ra7 52. Rg5 c5 53. Rxg6 Rxa5 54. Kg7+ Kd5 55. Bc2 Kd4 56. f5 c4 57. f6 1-0

[Event "Dewan Astana Karnival op"]
[Site "Dewan Astana"]
[Date "2015.07.30"]
[Round "2"]
[White "Hasfarizal, Farizad"]
[Black "Ong, Jia Wei"]
[Result "1/2-1/2"]
[WhiteElo "1469"]
[BlackElo "1246"]
[PlyCount "109"]
[EventDate "2015.07.29"]
[EventType "swiss"]
[EventRounds "7"]
[EventCountry "MAS"]
[SourceTitle "EXT 2017"]
[Source "ChessBase"]
[SourceDate "2016.10.25"]
[SourceVersion "1"]
[SourceVersionDate "2016.10.25"]
[SourceQuality "1"]

1. d4 d5 2. c4 c6 3. e3 Nf6 4. Nc3 Bf5 5. h3 e6 6. Nf3 Nbd7 7. cxd5 cxd5 8. Bb5 Be7 9. Ne5 0-0 10. Nxd7 Nxd7 11. Bd3 Bg6 12. 0-0 Nf6 13. a3 Rc8 14. Bxg6 hxg6 15. Bd2 a6 16. b4 b5 17. Rc1 Rc7 18. Ne2 Bd6 19. f3 Qb8 20. Rxc7 Bxc7 21. Be1 Rc8 22. Bf2 Bd6 23. Qd2 Nd7 24. Rc1 Nb6 25. Rxc8+ Nxc8 26. Nc1 Nb6 27. Nd3 Nc4 28. Qa2 Bg3 29. a4 Bxf2+ 30. Kxf2 Kf8 31. Nc5 Qd6 32. axb5 axb5 33. Qa8+ Ke7 34. Qb7+ Kf6 35. Nd7+ Kg5 36. f4+ Kh6 37. Qxb5 Na3 38. Qa4 Nc4 39. Ne5 Qe7 40. Nf3 Nd6 41. g3 Ne4+ 42. Kg2 Nc3 43. Qb3 Nb5 44. Nd2 Nd6 45. b5 Qb7 46. b6 Nc4 47. Nf3 Qxb6 48. Qxb6 Nxb6 49. Ne5 f6 50. Nf7+ Kh7 51. Nd8 Nc4 52. Kf3 e5 53. dxe5 fxe5 54. fxe5 Nxe5+ 55. Ke2 1/2-1/2